Seminario Internacional sobre Estado y Derecho en un período de transformación

Gespeichert in:
Bibliographische Detailangaben
Format: Text
Schlagworte:
Tags: Tag hinzufügen
Keine Tags, Fügen Sie den ersten Tag hinzu!

MARC

LEADER 00000 a a2200000 04500
001 11066
003
040
245 |a Seminario Internacional sobre Estado y Derecho en un período de transformación  
650 |a POLITICA  
650 |a ESTADO  
650 |a DERECHO  
650 |a TEORIA  
650 |a CHILE  
773 |g volumen 8, número 22; páginas 211-223  
999 |c 31665  |d 31665